<?xml version="1.0" encoding="UTF-8"?>
<record
    xmlns:xsi="http://www.w3.org/2001/XMLSchema-instance"
    xsi:schemaLocation="http://www.loc.gov/MARC21/slim http://www.loc.gov/standards/marcxml/schema/MARC21slim.xsd"
    xmlns="http://www.loc.gov/MARC21/slim">

  <leader>02668nam a22002417a 4500</leader>
  <controlfield tag="003">BJBSDDR</controlfield>
  <controlfield tag="005">20260512120309.0</controlfield>
  <controlfield tag="007">ta</controlfield>
  <controlfield tag="008">260512s1995    nyu||||| |||| 00| 0 eng d</controlfield>
  <datafield tag="020" ind1=" " ind2=" ">
    <subfield code="a">9780805041545</subfield>
  </datafield>
  <datafield tag="020" ind1=" " ind2=" ">
    <subfield code="a"> 0805041540</subfield>
  </datafield>
  <datafield tag="040" ind1=" " ind2=" ">
    <subfield code="b">spa</subfield>
    <subfield code="c">BJBSDDR</subfield>
  </datafield>
  <datafield tag="041" ind1=" " ind2=" ">
    <subfield code="a">eng </subfield>
  </datafield>
  <datafield tag="050" ind1=" " ind2=" ">
    <subfield code="b">P973 1995</subfield>
  </datafield>
  <datafield tag="100" ind1="1" ind2=" ">
    <subfield code="a">Pryce-Jones, David</subfield>
    <subfield code="9">48214</subfield>
  </datafield>
  <datafield tag="245" ind1="1" ind2="4">
    <subfield code="a">The strange death of the Soviet empire / </subfield>
    <subfield code="c">David Pryce-Jones</subfield>
  </datafield>
  <datafield tag="260" ind1=" " ind2=" ">
    <subfield code="a">New York : </subfield>
    <subfield code="b">Metropolitan Books, H. Holt, </subfield>
    <subfield code="c">1995</subfield>
  </datafield>
  <datafield tag="300" ind1=" " ind2=" ">
    <subfield code="a"> viii, 456 pages :</subfield>
    <subfield code="b">illustrations ; </subfield>
    <subfield code="c">24 cm</subfield>
  </datafield>
  <datafield tag="505" ind1=" " ind2=" ">
    <subfield code="a">No one was happy
I would prefer not to
Infantile ruses
Seizing the spoils
The man allowed to leave
Tomorrow the whole world
We can't go on like this
Elections
The Ribbentop-Molotov pact
First steps in reform
War as a class struggle
A man with whom we can do business
National in form
The Muslim heritage
The Baltic Republics
The wish of the majority of Estonians
You have killed Soviet Latvia
Communism had rotted from within
Solidarity and the general
The round table
The iron curtain opens Whoever acts too late is punished
Flashpoints
Little brothers
G&#xF6;tterd&#xE4;mmerung
The last ambassador
German reunification
There were no statesmen
Let's call in the tanks
Civic forium
We had imposed ourselves
A lack of political will
The leading role
Mafias of the world unite
Initiatives
Who is lying, I do not know
Caught in a trap
The state committee and the coup
A friendly little chat
The speaker
What are you doing among them?</subfield>
  </datafield>
  <datafield tag="520" ind1=" " ind2=" ">
    <subfield code="a">The sudden and almost bloodless demise of the Soviet Union - and with it, communism - caught everyone by surprise, from the KGB and the Red Army to Gorbachev, Yeltsin, and the dissidents at home and in the satellite states. In the first full-scale account of this mysterious transformation, historian and journalist David Pryce-Jones is able to provide answers to the crucial questions: Why did Gorbachev not shoot his way out of the crisis in classic Soviet style, as former leaders had done in Hungary and Czechoslovakia? How did an unlikely alliance of nationalist actors, idealistic poets, and political priests unseat the ruling despots of Warsaw, Bucharest, East Berlin, and Prague? What role did the West really play in all this? And what do these remarkable events presage for Russia's future? The result is a vivid account of the Soviet empire's fall, as experienced from the inside - and at the top. Uncompromising in its accuracy and keen in its insight, The Strange Death of the Soviet Empire is the definitive account of one of history's greatest anticlimaxes.</subfield>
  </datafield>
  <datafield tag="942" ind1=" " ind2=" ">
    <subfield code="2">lcc</subfield>
    <subfield code="n">0</subfield>
    <subfield code="c">BK</subfield>
  </datafield>
  <datafield tag="946" ind1=" " ind2=" ">
    <subfield code="i">cmc </subfield>
  </datafield>
  <datafield tag="999" ind1=" " ind2=" ">
    <subfield code="c">127058</subfield>
    <subfield code="d">127058</subfield>
  </datafield>
  <datafield tag="952" ind1=" " ind2=" ">
    <subfield code="0">0</subfield>
    <subfield code="1">0</subfield>
    <subfield code="2">lcc</subfield>
    <subfield code="4">0</subfield>
    <subfield code="7">0</subfield>
    <subfield code="8">APT</subfield>
    <subfield code="a">BJB</subfield>
    <subfield code="b">BJB</subfield>
    <subfield code="c">APT</subfield>
    <subfield code="d">2026-05-12</subfield>
    <subfield code="l">0</subfield>
    <subfield code="o">P973 1995</subfield>
    <subfield code="p">00000199789</subfield>
    <subfield code="r">2026-05-12 12:03:26</subfield>
    <subfield code="t">1</subfield>
    <subfield code="w">2026-05-12</subfield>
    <subfield code="y">BK</subfield>
  </datafield>
</record>
